Statistics for NBA All-Stars By Letter - D

Click here to take the quiz!

General Stats

  • This quiz has been taken 481 times
    (415 since last reset)
  • The average score is 15 of 25

Answer Stats

PlayersSelectionsLastTeams% Correct
Kevin Durant142024Thunder, Warriors, Nets, Suns
97%
Tim Duncan152015Spurs
95%
Anthony Davis92024Pelicans, Lakers
94%
Antonio Davis12001Raptors
94%
Baron Davis22004Hornets
94%
Dale Davis12000Pacers
94%
Walter Davis61987Suns
94%
DeMar DeRozan62023Raptors, Bulls
92%
Luka Dončić52024Mavericks
91%
Clyde Drexler101997Trail Blazers, Rockets
87%
Andre Drummond22018Pistons
79%
Joe Dumars61997Pistons
75%
Adrian Dantley61986Jazz
64%
Goran Dragic12018Heat
63%
Brad Daugherty51993Cavaliers
58%
Luol Deng22013Bulls
58%
Vlade Divac12001Kings
58%
Dave DeBusschere81974Pistons, Knicks
44%
Bob Dandridge41979Bucks, Bullets
29%
Kevin Duckworth21991Trail Blazers
25%
James Donaldson11988Mavericks
22%
John Drew21980Hawks
10%
Bob Davies41954Royals
8%
Terry Dischinger31965Bullets, Pistons
4%
Walter Dukes21961Pistons
4%

Score Distribution

Percentile by Number Answered

Percent of People with Each Score

Your Score History

You have not taken this quiz since the last reset